[Event "Rapid Tournament (RAP)"]
[Site "Biel, CH"]
[Date "2025.07.13"]
[Round "4"]
[White "Leonov, Leonid"]
[Black "Mikavica, Mirko"]
[Result "1-0"]
[Board "20"]
[WhiteFideId "1698052"]
[BlackFideId "908657"]
[WhiteElo "1894"]
[BlackElo "2115"]
[WhiteTeam "AUT"]
[BlackTeam "SUI"]
[WhiteClock "0:00:32"]
[BlackClock "0:02:08"]
[Variant "Standard"]

1. e4 {[%clk 0:15:08]}  d6 {[%clk 0:15:10]} 2. d4 {[%clk 0:15:10]}  Nf6 {[%clk 0:15:14]} 3. Nc3 {[%clk 0:15:12]}  Nbd7 {[%clk 0:15:18]} 4. Nf3 {[%clk 0:15:13]}  e5 {[%clk 0:15:22]} 5. Bd3 {[%clk 0:15:14]}  c6 {[%clk 0:15:19]} 6. a4 {[%clk 0:15:17]}  Be7 {[%clk 0:15:17]} 7. h3 {[%clk 0:15:17]}  O-O {[%clk 0:15:20]} 8. Be3 {[%clk 0:15:21]}  Qc7 {[%clk 0:14:56]} 9. O-O {[%clk 0:15:20]}  a5 {[%clk 0:14:52]} 10. Re1 {[%clk 0:15:22]}  Re8 {[%clk 0:14:40]} 11. Nd2 {[%clk 0:15:13]}  Nf8 {[%clk 0:14:26]} 12. Nc4 {[%clk 0:14:16]}  Ng6 {[%clk 0:13:51]} 13. d5 {[%clk 0:10:22]}  c5 {[%clk 0:13:48]} 14. Qf3 {[%clk 0:10:02]}  Nd7 {[%clk 0:12:48]} 15. Nb5 {[%clk 0:09:52]}  Qb8 {[%clk 0:13:02]} 16. Bd2 {[%clk 0:09:20]}  b6 {[%clk 0:13:05]} 17. c3 {[%clk 0:09:21]}  Ba6 {[%clk 0:11:04]} 18. Ne3 {[%clk 0:08:34]}  Bg5 {[%clk 0:10:33]} 19. Nf1 {[%clk 0:07:49]}  Bf4 {[%clk 0:10:13]} 20. g3 {[%clk 0:07:49]}  Bxd2 {[%clk 0:10:15]} 21. Nxd2 {[%clk 0:07:52]}  Nf6 {[%clk 0:09:50]} 22. Nf1 {[%clk 0:07:22]}  Rd8 {[%clk 0:09:34]} 23. Ne3 {[%clk 0:07:22]}  Ne7 {[%clk 0:09:18]} 24. Bc4 {[%clk 0:07:04]}  Qc8 {[%clk 0:08:49]} 25. Kh2 {[%clk 0:06:58]}  Ne8 {[%clk 0:07:27]} 26. Qe2 {[%clk 0:05:57]}  g6 {[%clk 0:07:03]} 27. f4 {[%clk 0:05:38]}  f6 {[%clk 0:08:02]} 28. Rf1 {[%clk 0:05:32]}  Ng7 {[%clk 0:06:14]} 29. fxe5 {[%clk 0:05:09]}  fxe5 {[%clk 0:06:19]} 30. Ng4 {[%clk 0:02:46]}  Nh5 {[%clk 0:06:04]} 31. Nxe5 {[%clk 0:01:50]}  Bxb5 {[%clk 0:05:44]} 32. axb5 {[%clk 0:01:53]}  Rf8 {[%clk 0:04:42]} 33. Ng4 {[%clk 0:01:42]}  Kg7 {[%clk 0:04:15]} 34. Qe3 {[%clk 0:01:45]}  Ng8 {[%clk 0:04:18]} 35. e5 {[%clk 0:01:45]}  Qc7 {[%clk 0:04:01]} 36. e6 {[%clk 0:01:36]}  Qe7 {[%clk 0:04:00]} 37. Bd3 {[%clk 0:01:25]}  Ngf6 {[%clk 0:03:45]} 38. Qh6+ {[%clk 0:01:22]}  Kg8 {[%clk 0:03:49]} 39. c4 {[%clk 0:00:39]}  Nxg4+ {[%clk 0:03:26]} 40. hxg4 {[%clk 0:00:43]}  Ng7 {[%clk 0:03:02]} 41. Kg2 {[%clk 0:00:43]}  Rxf1 {[%clk 0:02:54]} 42. Rxf1 {[%clk 0:00:47]}  Rf8 {[%clk 0:02:59]} 43. Rh1 {[%clk 0:00:37]}  Ne8 {[%clk 0:02:53]} 44. Bxg6 {[%clk 0:00:54]}  Qg7 {[%clk 0:02:32]} 45. Bxh7+ {[%clk 0:00:57]}  Kh8 {[%clk 0:02:33]} 46. Qd2 {[%clk 0:00:37]}  Qf6 {[%clk 0:02:16]} 47. Bg6+ {[%clk 0:00:29]}  Kg7 {[%clk 0:02:08]} 48. Qh6+ {[%clk 0:00:32]} 1-0

[Event "Rapid Tournament (RAP)"]
[Site "Biel, CH"]
[Date "2025.07.13"]
[Round "4"]
[White "Frey,Fabian"]
[Black "Gao, Kai"]
[Result "0-1"]
[Board "21"]
[WhiteFideId "1336487"]
[BlackFideId "8607770"]
[WhiteElo "2102"]
[BlackElo "1906"]
[WhiteTeam "SUI"]
[BlackTeam "CHN"]
[WhiteClock "0:00:00"]
[BlackClock "0:00:20"]
[Variant "Standard"]

1. e4 {[%clk 0:13:42]}  c6 {[%clk 0:15:08]} 2. Nc3 {[%clk 0:13:44]}  d5 {[%clk 0:15:11]} 3. Nf3 {[%clk 0:13:47]}  Bg4 {[%clk 0:15:07]} 4. h3 {[%clk 0:13:51]}  Bxf3 {[%clk 0:15:08]} 5. Qxf3 {[%clk 0:13:54]}  Nf6 {[%clk 0:15:05]} 6. Be2 {[%clk 0:13:33]}  e6 {[%clk 0:15:04]} 7. O-O {[%clk 0:13:32]}  Be7 {[%clk 0:15:05]} 8. Rd1 {[%clk 0:12:48]}  O-O {[%clk 0:15:06]} 9. d4 {[%clk 0:12:52]}  dxe4 {[%clk 0:14:46]} 10. Nxe4 {[%clk 0:12:51]}  Nxe4 {[%clk 0:14:48]} 11. Qxe4 {[%clk 0:12:54]}  Nd7 {[%clk 0:14:51]} 12. a4 {[%clk 0:12:59]}  Nf6 {[%clk 0:14:43]} 13. Qf3 {[%clk 0:12:48]}  a5 {[%clk 0:14:11]} 14. c3 {[%clk 0:12:37]}  Qb6 {[%clk 0:14:10]} 15. Bd3 {[%clk 0:12:19]}  Rad8 {[%clk 0:13:27]} 16. Qe2 {[%clk 0:12:16]}  Rfe8 {[%clk 0:13:02]} 17. Bf4 {[%clk 0:11:56]}  g6 {[%clk 0:12:02]} 18. Re1 {[%clk 0:11:49]}  Nd5 {[%clk 0:11:45]} 19. Be5 {[%clk 0:11:49]}  Bf6 {[%clk 0:11:37]} 20. Bxf6 {[%clk 0:11:40]}  Nxf6 {[%clk 0:11:41]} 21. Rad1 {[%clk 0:11:39]}  Qb3 {[%clk 0:11:32]} 22. Bc4 {[%clk 0:11:22]}  Qb6 {[%clk 0:11:29]} 23. g3 {[%clk 0:11:07]}  Qc7 {[%clk 0:10:50]} 24. Qf3 {[%clk 0:10:55]}  Kg7 {[%clk 0:10:29]} 25. Re5 {[%clk 0:09:36]}  Nd7 {[%clk 0:10:23]} 26. Re3 {[%clk 0:09:32]}  Nb6 {[%clk 0:10:04]} 27. Bb3 {[%clk 0:09:31]}  Re7 {[%clk 0:09:46]} 28. Red3 {[%clk 0:08:57]}  Red7 {[%clk 0:09:37]} 29. h4 {[%clk 0:08:57]}  h5 {[%clk 0:09:39]} 30. Kg2 {[%clk 0:08:36]}  Nd5 {[%clk 0:08:06]} 31. Bc4 {[%clk 0:08:00]}  Ne7 {[%clk 0:08:03]} 32. Qe2 {[%clk 0:07:44]}  Nf5 {[%clk 0:08:00]} 33. R3d2 {[%clk 0:06:14]}  b6 {[%clk 0:06:29]} 34. Ba2 {[%clk 0:07:14]}  Qb7 {[%clk 0:05:36]} 35. Bb1 {[%clk 0:07:03]}  Nd6 {[%clk 0:05:00]} 36. Qe5+ {[%clk 0:06:30]}  Kg8 {[%clk 0:05:02]} 37. Qg5 {[%clk 0:05:57]}  c5+ {[%clk 0:04:52]} 38. Kg1 {[%clk 0:05:33]}  Nc4 {[%clk 0:04:51]} 39. Re2 {[%clk 0:05:06]}  cxd4 {[%clk 0:04:46]} 40. cxd4 {[%clk 0:04:52]}  Rxd4 {[%clk 0:03:47]} 41. Qxd8+ {[%clk 0:04:53]}  Rxd8 {[%clk 0:03:51]} 42. Rxd8+ {[%clk 0:04:57]}  Kg7 {[%clk 0:03:55]} 43. Be4 {[%clk 0:04:35]}  Qc7 {[%clk 0:03:55]} 44. Rd1 {[%clk 0:04:26]}  Qe7 {[%clk 0:03:16]} 45. b3 {[%clk 0:04:22]}  Ne5 {[%clk 0:03:04]} 46. Bg2 {[%clk 0:04:02]}  Ng4 {[%clk 0:03:05]} 47. Bf3 {[%clk 0:03:30]}  Nh6 {[%clk 0:03:01]} 48. Kg2 {[%clk 0:03:21]}  Qb4 {[%clk 0:03:01]} 49. Rd3 {[%clk 0:03:21]}  Qc5 {[%clk 0:02:45]} 50. Rd7 {[%clk 0:03:19]}  Nf5 {[%clk 0:02:29]} 51. Rxe6 {[%clk 0:02:57]}  Kf8 {[%clk 0:02:07]} 52. Rd8+ {[%clk 0:02:50]}  Kg7 {[%clk 0:02:11]} 53. Rd7 {[%clk 0:02:36]}  Kf8 {[%clk 0:02:07]} 54. Rc6 {[%clk 0:02:38]}  Qb4 {[%clk 0:02:05]} 55. Rcc7 {[%clk 0:02:27]}  Nh6 {[%clk 0:01:15]} 56. Bd5 {[%clk 0:02:28]}  Qg4 {[%clk 0:00:59]} 57. Bf3 {[%clk 0:01:50]}  Qe6 {[%clk 0:00:58]} 58. Bd5 {[%clk 0:01:46]}  Qg4 {[%clk 0:01:02]} 59. Rd8+ {[%clk 0:01:42]}  Kg7 {[%clk 0:01:06]} 60. Rdd7 {[%clk 0:01:46]}  Kf6 {[%clk 0:00:44]} 61. Bf3 {[%clk 0:01:11]}  Qb4 {[%clk 0:00:44]} 62. Rc6+ {[%clk 0:01:12]}  Kg7 {[%clk 0:00:48]} 63. Bd5 {[%clk 0:01:12]}  Qg4 {[%clk 0:00:45]} 64. Rb7 {[%clk 0:01:05]}  Qf5 {[%clk 0:00:34]} 65. Bf3 {[%clk 0:01:04]}  Ng4 {[%clk 0:00:29]} 66. Rbxb6 {[%clk 0:01:02]}  Ne5 {[%clk 0:00:14]} 67. Rc3 {[%clk 0:01:06]}  Nxf3 {[%clk 0:00:10]} 68. Rxf3 {[%clk 0:01:09]}  Qe4 {[%clk 0:00:15]} 69. Rb5 {[%clk 0:01:04]}  Qa8 {[%clk 0:00:18]} 70. b4 {[%clk 0:01:05]}  axb4 {[%clk 0:00:20]} 71. Rxb4 {[%clk 0:01:09]}  f6 {[%clk 0:00:24]} 72. Rb5 {[%clk 0:00:48]}  Qxa4 {[%clk 0:00:25]} 73. Rb7+ {[%clk 0:00:51]}  Kh6 {[%clk 0:00:29]} 74. Rb6 {[%clk 0:00:45]}  f5 {[%clk 0:00:27]} 75. Rxf5 {[%clk 0:00:41]}  Qe4+ {[%clk 0:00:31]} 76. Rf3 {[%clk 0:00:45]}  Kg7 {[%clk 0:00:33]} 77. Rbf6 {[%clk 0:00:48]}  Qd5 {[%clk 0:00:36]} 78. R6f4 {[%clk 0:00:52]}  Kh6 {[%clk 0:00:19]} 79. Kh2 {[%clk 0:00:55]}  Qc5 {[%clk 0:00:15]} 80. Re3 {[%clk 0:00:58]}  Qd5 {[%clk 0:00:06]} 81. Rf6 {[%clk 0:00:54]}  Kg7 {[%clk 0:00:10]} 82. Ree6 {[%clk 0:00:54]}  g5 {[%clk 0:00:14]} 83. hxg5 {[%clk 0:00:46]}  Qxg5 {[%clk 0:00:08]} 84. Rg6+ {[%clk 0:00:42]}  Qxg6 {[%clk 0:00:12]} 85. Rxg6+ {[%clk 0:00:46]}  Kxg6 {[%clk 0:00:16]} 86. Kg2 {[%clk 0:00:41]}  Kg5 {[%clk 0:00:19]} 87. Kf3 {[%clk 0:00:45]}  Kf5 {[%clk 0:00:20]} 88. Ke3 {[%clk 0:00:49]}  Kg4 {[%clk 0:00:23]} 89. Ke4 {[%clk 0:00:53]}  Kh3 {[%clk 0:00:24]} 90. Kf3 {[%clk 0:00:11]}  Kh2 {[%clk 0:00:24]} 91. Ke2 {[%clk 0:00:14]}  Kg2 {[%clk 0:00:24]} 92. Ke1 {[%clk 0:00:18]}  Kh3 {[%clk 0:00:21]} 93. Kf1 {[%clk 0:00:21]}  Kh2 {[%clk 0:00:25]} 94. Ke2 {[%clk 0:00:25]}  Kg2 {[%clk 0:00:24]} 95. Ke3 {[%clk 0:00:29]}  Kh3 {[%clk 0:00:20]} 96. f4 {[%clk 0:00:20]}  Kg4 {[%clk 0:00:20]} 97. Ke4 {[%clk 0:00:00]}  Kxg3 {[%clk 0:00:20]} 0-1

[Event "Rapid Tournament (RAP)"]
[Site "Biel, CH"]
[Date "2025.07.13"]
[Round "4"]
[White "Tereshchenko, Eva"]
[Black "Zenker, Ulrich"]
[Result "1/2-1/2"]
[Board "22"]
[WhiteFideId "34389903"]
[BlackFideId "4614976"]
[BlackTitle "FM"]
[WhiteElo "1892"]
[BlackElo "2081"]
[WhiteTeam "FID"]
[BlackTeam "GER"]
[WhiteClock "0:00:15"]
[BlackClock "0:01:21"]
[Variant "Standard"]

1. e4 {[%clk 0:15:09]}  e5 {[%clk 0:15:06]} 2. Nf3 {[%clk 0:15:12]}  Nc6 {[%clk 0:15:10]} 3. Bb5 {[%clk 0:15:15]}  a6 {[%clk 0:15:13]} 4. Ba4 {[%clk 0:15:19]}  Nf6 {[%clk 0:15:16]} 5. O-O {[%clk 0:15:22]}  Be7 {[%clk 0:15:19]} 6. Re1 {[%clk 0:15:25]}  b5 {[%clk 0:15:22]} 7. Bb3 {[%clk 0:15:28]}  d6 {[%clk 0:15:25]} 8. a4 {[%clk 0:15:29]}  Rb8 {[%clk 0:15:19]} 9. axb5 {[%clk 0:15:24]}  axb5 {[%clk 0:15:21]} 10. Nc3 {[%clk 0:15:21]}  O-O {[%clk 0:15:09]} 11. d3 {[%clk 0:15:21]}  Bg4 {[%clk 0:13:35]} 12. Be3 {[%clk 0:15:03]}  Qd7 {[%clk 0:12:14]} 13. h3 {[%clk 0:14:45]}  Bxf3 {[%clk 0:11:18]} 14. Qxf3 {[%clk 0:14:47]}  Nd4 {[%clk 0:10:42]} 15. Bxd4 {[%clk 0:14:22]}  exd4 {[%clk 0:10:45]} 16. Ne2 {[%clk 0:14:12]}  c5 {[%clk 0:10:32]} 17. Ng3 {[%clk 0:13:30]}  g6 {[%clk 0:10:05]} 18. Qe2 {[%clk 0:13:02]}  Ne8 {[%clk 0:06:32]} 19. f4 {[%clk 0:11:39]}  Bh4 {[%clk 0:06:00]} 20. Qf3 {[%clk 0:11:18]}  Kh8 {[%clk 0:05:49]} 21. e5 {[%clk 0:08:34]}  Bxg3 {[%clk 0:04:27]} 22. Qxg3 {[%clk 0:08:37]}  Ng7 {[%clk 0:04:30]} 23. Qf3 {[%clk 0:07:37]}  Nf5 {[%clk 0:04:27]} 24. e6 {[%clk 0:07:27]}  fxe6 {[%clk 0:02:35]} 25. Bxe6 {[%clk 0:07:29]}  Qb7 {[%clk 0:02:34]} 26. Qxb7 {[%clk 0:07:13]}  Rxb7 {[%clk 0:02:38]} 27. Bxf5 {[%clk 0:07:09]}  gxf5 {[%clk 0:02:21]} 28. Ra6 {[%clk 0:06:50]}  Rf6 {[%clk 0:02:13]} 29. Re8+ {[%clk 0:06:26]}  Kg7 {[%clk 0:02:17]} 30. Rd8 {[%clk 0:06:15]}  Re7 {[%clk 0:02:11]} 31. Rdxd6 {[%clk 0:05:28]}  Rxd6 {[%clk 0:02:14]} 32. Rxd6 {[%clk 0:05:30]}  Re2 {[%clk 0:02:18]} 33. c3 {[%clk 0:04:49]}  dxc3 {[%clk 0:01:35]} 34. bxc3 {[%clk 0:04:52]}  Rc2 {[%clk 0:01:39]} 35. Rb6 {[%clk 0:04:44]}  Rxc3 {[%clk 0:01:06]} 36. Rxb5 {[%clk 0:04:47]}  Kg6 {[%clk 0:00:37]} 37. Rb6+ {[%clk 0:04:38]}  Kg7 {[%clk 0:00:26]} 38. Rd6 {[%clk 0:04:35]}  c4 {[%clk 0:00:36]} 39. dxc4 {[%clk 0:03:06]}  Rxc4 {[%clk 0:00:39]} 40. g3 {[%clk 0:03:08]}  Rc2 {[%clk 0:00:43]} 41. Rd3 {[%clk 0:03:00]}  h5 {[%clk 0:00:34]} 42. Rf3 {[%clk 0:02:51]}  Kg6 {[%clk 0:00:18]} 43. Rf2 {[%clk 0:02:54]}  Rc3 {[%clk 0:00:18]} 44. Kg2 {[%clk 0:02:58]}  Ra3 {[%clk 0:00:16]} 45. Re2 {[%clk 0:02:53]}  Ra6 {[%clk 0:00:15]} 46. Kf3 {[%clk 0:02:56]}  Ra3+ {[%clk 0:00:18]} 47. Re3 {[%clk 0:02:59]}  Ra6 {[%clk 0:00:22]} 48. Rd3 {[%clk 0:02:51]}  Re6 {[%clk 0:00:16]} 49. Rd8 {[%clk 0:02:53]}  Ra6 {[%clk 0:00:18]} 50. Rg8+ {[%clk 0:02:46]}  Kf7 {[%clk 0:00:16]} 51. Rg5 {[%clk 0:02:49]}  Ra3+ {[%clk 0:00:20]} 52. Ke2 {[%clk 0:02:53]}  Ra2+ {[%clk 0:00:24]} 53. Ke3 {[%clk 0:02:56]}  Ra3+ {[%clk 0:00:26]} 54. Kd4 {[%clk 0:02:59]}  Kf6 {[%clk 0:00:31]} 55. h4 {[%clk 0:02:36]}  Rb3 {[%clk 0:00:33]} 56. Rxh5 {[%clk 0:01:32]}  Rxg3 {[%clk 0:00:37]} 57. Rh6+ {[%clk 0:01:35]}  Kg7 {[%clk 0:00:41]} 58. Ra6 {[%clk 0:01:19]}  Rg4 {[%clk 0:00:45]} 59. Ke5 {[%clk 0:01:07]}  Rxh4 {[%clk 0:00:49]} 60. Kxf5 {[%clk 0:01:10]}  Rh5+ {[%clk 0:00:51]} 61. Kg4 {[%clk 0:01:13]}  Rb5 {[%clk 0:00:54]} 62. Re6 {[%clk 0:01:01]}  Kf7 {[%clk 0:00:58]} 63. Rc6 {[%clk 0:00:35]}  Ra5 {[%clk 0:00:59]} 64. Rh6 {[%clk 0:00:23]}  Rb5 {[%clk 0:01:03]} 65. Rh1 {[%clk 0:00:08]}  Ra5 {[%clk 0:01:06]} 66. f5 {[%clk 0:00:11]}  Ra2 {[%clk 0:01:08]} 67. Rg1 {[%clk 0:00:07]}  Rb2 {[%clk 0:01:10]} 68. Kg5 {[%clk 0:00:10]}  Ra2 {[%clk 0:01:04]} 69. Rg4 {[%clk 0:00:11]}  Rb2 {[%clk 0:01:05]} 70. Re4 {[%clk 0:00:07]}  Rf2 {[%clk 0:01:02]} 71. Ra4 {[%clk 0:00:07]}  Rg2+ {[%clk 0:01:03]} 72. Kf4 {[%clk 0:00:09]}  Rb2 {[%clk 0:01:06]} 73. Ra7+ {[%clk 0:00:09]}  Kf6 {[%clk 0:01:09]} 74. Ra6+ {[%clk 0:00:13]}  Kf7 {[%clk 0:01:13]} 75. Ra4 {[%clk 0:00:13]}  Rc2 {[%clk 0:01:16]} 76. Ke5 {[%clk 0:00:11]}  Rc5+ {[%clk 0:01:20]} 77. Ke4 {[%clk 0:00:14]}  Rc1 {[%clk 0:01:24]} 78. Kd5 {[%clk 0:00:10]}  Kf6 {[%clk 0:01:14]} 79. Ke4 {[%clk 0:00:08]}  Re1+ {[%clk 0:01:17]} 80. Kf4 {[%clk 0:00:10]}  Rf1+ {[%clk 0:01:21]} 81. Kg4 {[%clk 0:00:13]}  Rg1+ {[%clk 0:01:21]} 82. Kf4 {[%clk 0:00:15]} 1/2-1/2

[Event "Rapid Tournament (RAP)"]
[Site "Biel, CH"]
[Date "2025.07.13"]
[Round "4"]
[White "Schaller, Didier"]
[Black "Drechsler, Christoph"]
[Result "0-1"]
[Board "23"]
[WhiteFideId "1314351"]
[BlackFideId "1305280"]
[WhiteElo "1854"]
[BlackElo "2067"]
[WhiteTeam "SUI"]
[BlackTeam "SUI"]
[WhiteClock "0:00:10"]
[BlackClock "0:04:29"]
[Variant "Standard"]

1. d4 {[%clk 0:15:08]}  d5 {[%clk 0:15:09]} 2. c4 {[%clk 0:15:05]}  e6 {[%clk 0:15:12]} 3. Nc3 {[%clk 0:15:05]}  Nf6 {[%clk 0:15:15]} 4. Nf3 {[%clk 0:15:07]}  a6 {[%clk 0:15:19]} 5. c5 {[%clk 0:14:45]}  b6 {[%clk 0:15:13]} 6. cxb6 {[%clk 0:14:40]}  c5 {[%clk 0:15:15]} 7. Bg5 {[%clk 0:11:23]}  Nbd7 {[%clk 0:14:31]} 8. e3 {[%clk 0:11:12]}  Qxb6 {[%clk 0:14:11]} 9. Rb1 {[%clk 0:10:39]}  Ne4 {[%clk 0:13:32]} 10. Bd3 {[%clk 0:08:48]}  Nxg5 {[%clk 0:12:43]} 11. Nxg5 {[%clk 0:08:44]}  cxd4 {[%clk 0:12:28]} 12. exd4 {[%clk 0:07:39]}  Qxd4 {[%clk 0:12:03]} 13. O-O {[%clk 0:06:27]}  Qf6 {[%clk 0:11:44]} 14. Nf3 {[%clk 0:05:53]}  Be7 {[%clk 0:11:36]} 15. Re1 {[%clk 0:05:27]}  O-O {[%clk 0:11:25]} 16. Qc2 {[%clk 0:04:32]}  h6 {[%clk 0:11:14]} 17. Ne2 {[%clk 0:03:49]}  Bb7 {[%clk 0:10:16]} 18. Ng3 {[%clk 0:03:39]}  g6 {[%clk 0:09:40]} 19. Qd2 {[%clk 0:03:24]}  Qg7 {[%clk 0:08:44]} 20. Qa5 {[%clk 0:02:21]}  Rfc8 {[%clk 0:08:20]} 21. Qa4 {[%clk 0:02:01]}  Nc5 {[%clk 0:08:10]} 22. Qd1 {[%clk 0:02:05]}  Nxd3 {[%clk 0:07:54]} 23. Qxd3 {[%clk 0:02:09]}  Bc6 {[%clk 0:07:06]} 24. Ne5 {[%clk 0:01:50]}  Bb5 {[%clk 0:07:03]} 25. Qd2 {[%clk 0:01:54]}  a5 {[%clk 0:05:26]} 26. a3 {[%clk 0:01:21]}  a4 {[%clk 0:05:21]} 27. Ne2 {[%clk 0:00:20]}  Qxe5 {[%clk 0:05:10]} 28. Nc3 {[%clk 0:00:24]}  Qb8 {[%clk 0:04:49]} 29. Nxb5 {[%clk 0:00:25]}  Qxb5 {[%clk 0:04:51]} 30. Qxh6 {[%clk 0:00:27]}  Bf8 {[%clk 0:04:50]} 31. Qg5 {[%clk 0:00:22]}  Bg7 {[%clk 0:04:41]} 32. h4 {[%clk 0:00:10]}  Qd3 {[%clk 0:04:29]} 0-1

[Event "Rapid Tournament (RAP)"]
[Site "Biel, CH"]
[Date "2025.07.13"]
[Round "4"]
[White "Schweizer, Samuel"]
[Black "Lang, Fabian"]
[Result "1-0"]
[Board "24"]
[WhiteFideId "1325353"]
[BlackFideId "1310160"]
[WhiteElo "2061"]
[BlackElo "1892"]
[WhiteTeam "JPN"]
[BlackTeam "SUI"]
[WhiteClock "0:08:47"]
[BlackClock "0:02:19"]
[Variant "Standard"]

1. e4 {[%clk 0:15:03]}  c5 {[%clk 0:15:09]} 2. Nf3 {[%clk 0:15:06]}  a6 {[%clk 0:15:12]} 3. g3 {[%clk 0:15:01]}  Nc6 {[%clk 0:14:47]} 4. Bg2 {[%clk 0:15:04]}  e5 {[%clk 0:14:44]} 5. c3 {[%clk 0:15:06]}  Nf6 {[%clk 0:14:39]} 6. d3 {[%clk 0:15:09]}  d5 {[%clk 0:13:58]} 7. exd5 {[%clk 0:14:34]}  Qxd5 {[%clk 0:12:45]} 8. O-O {[%clk 0:14:28]}  Be7 {[%clk 0:09:24]} 9. Nd4 {[%clk 0:14:15]}  Qd6 {[%clk 0:08:58]} 10. Nxc6 {[%clk 0:14:17]}  bxc6 {[%clk 0:09:02]} 11. Na3 {[%clk 0:14:09]}  Be6 {[%clk 0:08:02]} 12. Nc4 {[%clk 0:13:42]}  Qc7 {[%clk 0:07:37]} 13. Qa4 {[%clk 0:13:51]}  Bd5 {[%clk 0:06:44]} 14. Bxd5 {[%clk 0:12:48]}  Nxd5 {[%clk 0:06:46]} 15. Nxe5 {[%clk 0:12:41]}  Rc8 {[%clk 0:05:43]} 16. Qxa6 {[%clk 0:12:23]}  O-O {[%clk 0:05:13]} 17. f4 {[%clk 0:11:34]}  Bd6 {[%clk 0:04:37]} 18. Nf3 {[%clk 0:11:00]}  Rfe8 {[%clk 0:03:49]} 19. Bd2 {[%clk 0:10:23]}  Nb6 {[%clk 0:03:50]} 20. d4 {[%clk 0:10:08]}  c4 {[%clk 0:03:39]} 21. Qa5 {[%clk 0:09:57]}  Re2 {[%clk 0:03:11]} 22. Rae1 {[%clk 0:09:57]}  Rxe1 {[%clk 0:03:00]} 23. Rxe1 {[%clk 0:10:00]}  Ra8 {[%clk 0:03:02]} 24. Qf5 {[%clk 0:09:48]}  Rxa2 {[%clk 0:02:49]} 25. Re8+ {[%clk 0:09:32]}  Bf8 {[%clk 0:02:52]} 26. Qc5 {[%clk 0:08:49]}  Nd7 {[%clk 0:02:41]} 27. Qxc4 {[%clk 0:08:56]}  Rxb2 {[%clk 0:02:35]} 28. Ng5 {[%clk 0:08:44]}  Nf6 {[%clk 0:02:25]} 29. Qc5 {[%clk 0:08:46]}  Nd7 {[%clk 0:02:19]} 30. Qe7 {[%clk 0:08:47]} 1-0

[Event "Rapid Tournament (RAP)"]
[Site "Biel, CH"]
[Date "2025.07.13"]
[Round "4"]
[White "Hornung, Hans, Dr."]
[Black "Anetov, Amirzhan"]
[Result "0-1"]
[Board "25"]
[WhiteFideId "4615140"]
[BlackFideId "13784951"]
[WhiteElo "2052"]
[BlackElo "1856"]
[WhiteTeam "GER"]
[BlackTeam "KAZ"]
[WhiteClock "0:04:55"]
[BlackClock "0:15:05"]
[Variant "Standard"]

1. Nf3 {[%clk 0:15:07]}  Nf6 {[%clk 0:15:00]} 2. c4 {[%clk 0:15:07]}  e6 {[%clk 0:15:01]} 3. g3 {[%clk 0:15:05]}  Be7 {[%clk 0:14:58]} 4. Bg2 {[%clk 0:15:07]}  O-O {[%clk 0:14:59]} 5. d4 {[%clk 0:14:52]}  d5 {[%clk 0:15:03]} 6. Nc3 {[%clk 0:14:50]}  c6 {[%clk 0:15:02]} 7. O-O {[%clk 0:14:37]}  a5 {[%clk 0:14:28]} 8. b3 {[%clk 0:14:25]}  b6 {[%clk 0:14:01]} 9. Ne5 {[%clk 0:14:10]}  Bb7 {[%clk 0:14:07]} 10. e4 {[%clk 0:14:00]}  Bb4 {[%clk 0:12:41]} 11. Bb2 {[%clk 0:12:53]}  Bxc3 {[%clk 0:12:36]} 12. Bxc3 {[%clk 0:12:51]}  Nxe4 {[%clk 0:14:05]} 13. Bb2 {[%clk 0:12:40]}  Nd7 {[%clk 0:12:43]} 14. Re1 {[%clk 0:12:33]}  Nxe5 {[%clk 0:14:05]} 15. dxe5 {[%clk 0:12:31]}  Nc5 {[%clk 0:14:09]} 16. Ba3 {[%clk 0:11:08]}  Ba6 {[%clk 0:12:19]} 17. Qc2 {[%clk 0:11:08]}  Qc7 {[%clk 0:14:09]} 18. Rac1 {[%clk 0:11:08]}  Rac8 {[%clk 0:14:09]} 19. cxd5 {[%clk 0:11:08]}  cxd5 {[%clk 0:14:09]} 20. b4 {[%clk 0:08:30]}  axb4 {[%clk 0:13:07]} 21. Bxb4 {[%clk 0:08:32]}  Rfd8 {[%clk 0:13:07]} 22. Bxc5 {[%clk 0:08:12]}  bxc5 {[%clk 0:13:00]} 23. a4 {[%clk 0:07:59]}  Qa5 {[%clk 0:13:11]} 24. h4 {[%clk 0:07:46]}  d4 {[%clk 0:13:04]} 25. Red1 {[%clk 0:07:17]}  c4 {[%clk 0:12:56]} 26. f4 {[%clk 0:06:35]}  d3 {[%clk 0:13:06]} 27. Qc3 {[%clk 0:06:14]}  Qb6+ {[%clk 0:12:15]} 28. Kh2 {[%clk 0:06:16]}  Rb8 {[%clk 0:12:19]} 29. a5 {[%clk 0:06:11]}  Qb3 {[%clk 0:12:14]} 30. Rd2 {[%clk 0:04:49]}  Qxc3 {[%clk 0:11:18]} 31. Rxc3 {[%clk 0:05:18]}  Rb3 {[%clk 0:11:22]} 32. Rxb3 {[%clk 0:04:58]}  cxb3 {[%clk 0:11:27]} 33. Bf3 {[%clk 0:04:55]}  Rc8 {[%clk 0:15:05]} 0-1

[Event "Rapid Tournament (RAP)"]
[Site "Biel, CH"]
[Date "2025.07.13"]
[Round "4"]
[White "Bai, Xue"]
[Black "Letac, Loig"]
[Result "1-0"]
[Board "26"]
[WhiteFideId "8608717"]
[BlackFideId "1367927"]
[WhiteElo "2035"]
[BlackElo "1847"]
[WhiteTeam "CHN"]
[BlackTeam "SUI"]
[WhiteClock "0:04:47"]
[BlackClock "0:00:27"]
[Variant "Standard"]

1. e4 {[%clk 0:15:06]}  c5 {[%clk 0:15:09]} 2. Nf3 {[%clk 0:15:10]}  d6 {[%clk 0:15:12]} 3. d4 {[%clk 0:15:13]}  cxd4 {[%clk 0:15:16]} 4. Nxd4 {[%clk 0:15:16]}  Nf6 {[%clk 0:15:19]} 5. Nc3 {[%clk 0:15:19]}  a6 {[%clk 0:15:23]} 6. h3 {[%clk 0:15:22]}  g6 {[%clk 0:14:42]} 7. g4 {[%clk 0:15:21]}  Bg7 {[%clk 0:14:44]} 8. Bg2 {[%clk 0:15:24]}  Qc7 {[%clk 0:13:48]} 9. Be3 {[%clk 0:15:24]}  Nc6 {[%clk 0:13:41]} 10. a4 {[%clk 0:15:12]}  Nd7 {[%clk 0:12:56]} 11. Nd5 {[%clk 0:14:46]}  Qd8 {[%clk 0:12:51]} 12. c3 {[%clk 0:14:16]}  e6 {[%clk 0:12:41]} 13. Nxc6 {[%clk 0:14:16]}  bxc6 {[%clk 0:12:40]} 14. Nb4 {[%clk 0:14:07]}  c5 {[%clk 0:12:15]} 15. Nd3 {[%clk 0:13:06]}  Rb8 {[%clk 0:12:07]} 16. Qc2 {[%clk 0:12:58]}  Qc7 {[%clk 0:11:29]} 17. Rd1 {[%clk 0:12:51]}  Bb7 {[%clk 0:10:57]} 18. Bf4 {[%clk 0:12:36]}  Ne5 {[%clk 0:08:07]} 19. Nxe5 {[%clk 0:10:57]}  Bxe5 {[%clk 0:07:58]} 20. Be3 {[%clk 0:09:52]}  Bg7 {[%clk 0:07:46]} 21. Qd3 {[%clk 0:09:33]}  Rd8 {[%clk 0:07:09]} 22. Bf4 {[%clk 0:09:09]}  Be5 {[%clk 0:07:03]} 23. Bg5 {[%clk 0:08:40]}  Rd7 {[%clk 0:05:43]} 24. Be3 {[%clk 0:08:11]}  d5 {[%clk 0:04:32]} 25. exd5 {[%clk 0:07:59]}  Bxd5 {[%clk 0:04:15]} 26. Bxd5 {[%clk 0:07:43]}  Rxd5 {[%clk 0:03:50]} 27. Qxa6 {[%clk 0:08:04]}  O-O {[%clk 0:03:40]} 28. O-O {[%clk 0:06:48]}  Rfd8 {[%clk 0:03:15]} 29. Rxd5 {[%clk 0:06:42]}  exd5 {[%clk 0:02:52]} 30. Bg5 {[%clk 0:06:31]}  Rb8 {[%clk 0:02:41]} 31. Qe2 {[%clk 0:06:17]}  Kg7 {[%clk 0:02:36]} 32. f4 {[%clk 0:06:05]}  Bd6 {[%clk 0:02:34]} 33. f5 {[%clk 0:06:07]}  f6 {[%clk 0:02:06]} 34. fxg6 {[%clk 0:05:35]}  fxg5 {[%clk 0:01:23]} 35. Rf7+ {[%clk 0:05:38]}  Qxf7 {[%clk 0:01:27]} 36. gxf7 {[%clk 0:05:41]}  Rf8 {[%clk 0:01:20]} 37. Qe6 {[%clk 0:05:34]}  Bf4 {[%clk 0:01:17]} 38. Qxd5 {[%clk 0:05:13]}  Rxf7 {[%clk 0:01:18]} 39. Qxc5 {[%clk 0:05:13]}  Kf6 {[%clk 0:01:01]} 40. a5 {[%clk 0:05:09]}  Re7 {[%clk 0:00:57]} 41. Kf1 {[%clk 0:04:56]}  Re5 {[%clk 0:00:46]} 42. Qd4 {[%clk 0:04:53]}  Be3 {[%clk 0:00:43]} 43. Qd8+ {[%clk 0:04:55]}  Kg6 {[%clk 0:00:39]} 44. a6 {[%clk 0:04:55]}  Re6 {[%clk 0:00:33]} 45. b4 {[%clk 0:04:53]}  Rxa6 {[%clk 0:00:27]} 46. Qd3+ {[%clk 0:04:47]} 1-0